| 000 | 01219nam a22002777a 4500 | ||
|---|---|---|---|
| 001 | 000209617 | ||
| 003 | AM-YeHGA | ||
| 005 | 20250617124125.0 | ||
| 008 | 970708s1989 ru ||||| |||| 00| 0 rus d | ||
| 020 | _a5020291226 | ||
| 040 | _aAM-YeHGA | ||
| 041 | 0 | _arus | |
| 245 | 0 | 0 |
_aЭкологические проблемы энергетики / _c[А.А. Кошелев, Г.В. Ташкинова, Б.Б. Чебаненко и др.] ; Отв. ред. А.А. Папин; АН СССР, Сиб. отд-ние, Сиб. энерг. ин-т. |
| 260 |
_aНовосибирск : _bНаука. Сиб. отд-ние, _c1989. |
||
| 300 |
_a318,[4] с. : _bил. ; _c22 см. |
||
| 500 | _aАвт. указаны на обороте тит. л. | ||
| 500 | _aБиблиогр.: с. 310-319 | ||
| 650 | 1 | 4 |
_aЭнергетика _xВлияние на окружающую среду |
| 700 | 1 | _aКошелев, А.А. | |
| 700 | 1 | _aТашкинова, Г.В. | |
| 700 | 1 | _aЧебаненко, Б.Б. | |
| 700 | 1 |
_aПапин, Александр Александрович _4edt |
|
| 710 | 2 | _aСибирский энергетический институт СО АН СССР | |
| 942 |
_2udc _cBK |
||
| 090 | _c74301 | ||
| 999 |
_c73083 _d73083 |
||